A sermon preached in St. Luke's Church, Philadelphia, October 11, 1865, before the General Convention of the Protestant Episcopal Church, on the occasion of the consecration of the Rev. Charles Todd Quintard, M.D., as Bishop of the Diocese of Tennessee

Saved in:  
Bibliographic Details
Main Author: Stevens, William Bacon 1815-1887 (Author)
Corporate Author: University of California Libraries. MitwirkendeR (Contributor)
Format: Electronic Book
Language:English
Check availability: HBZ Gateway
Interlibrary Loan:Interlibrary Loan for the Fachinformationsdienste (Specialized Information Services in Germany)
Published: Philadelphia Chas. T. Adams 1865
In:Year: 1865
Further subjects:B Ordination sermons
B Practical Theology
B Quintard, C. T (1824-1898) (Charles Todd)
Online Access: Volltext (kostenfrei)
Sammlungen:

MARC

LEADER 00000cam a22000002c 4500
001 1894196252
003 DE-627
005 20241216055235.0
007 cr uuu---uuuuu
008 240705s1865 xx |||||o 00| ||eng c
035 |a (DE-627)1894196252 
035 |a (DE-599)KXP1894196252 
035 |a (PRTC)sermonpreachedin00stev 
040 |a DE-627  |b ger  |c DE-627  |e rda 
041 |a eng 
084 |a 1  |2 ssgn 
100 1 |a Stevens, William Bacon  |d 1815-1887  |e VerfasserIn  |4 aut 
245 1 2 |a A sermon preached in St. Luke's Church, Philadelphia, October 11, 1865, before the General Convention of the Protestant Episcopal Church, on the occasion of the consecration of the Rev. Charles Todd Quintard, M.D., as Bishop of the Diocese of Tennessee  |c by Wm. Bacon Stevens 
264 1 |a Philadelphia  |b Chas. T. Adams  |c 1865 
300 |a 1 Online-Ressource (29 p.) 
336 |a Text  |b txt  |2 rdacontent 
337 |a Computermedien  |b c  |2 rdamedia 
338 |a Online-Ressource  |b cr  |2 rdacarrier 
500 |a Published by request of the House of Clerical and Lay Delegates 
600 1 0 |a Quintard, C. T  |d 1824-1898  |q (Charles Todd) 
601 |a Philadelphia, Pa. 
601 |a Tennessee 
601 |a General 
601 |a Protestant 
650 0 |a Ordination sermons 
655 0 |a Practical Theology 
710 2 |a University of California Libraries  |e MitwirkendeR  |4 ctb 
856 4 0 |u https://commons.ptsem.edu/id/sermonpreachedin00stev  |m X:PRTC  |x Digitalisierung  |z kostenfrei  |7 0 
935 |a PRTC  |a mteo 
951 |a BO 
ELC |a 1 
LOK |0 000 xxxxxcx a22 zn 4500 
LOK |0 001 4547158770 
LOK |0 003 DE-627 
LOK |0 004 1894196252 
LOK |0 005 20240705112256 
LOK |0 008 240705||||||||||||||||ger||||||| 
LOK |0 035   |a (DE-Tue135)sermonpreachedin00stev 
LOK |0 040   |a DE-Tue135  |c DE-627  |d DE-Tue135 
LOK |0 092   |o n 
LOK |0 689   |a f  |a Book 
LOK |0 852   |a DE-Tue135 
LOK |0 852 1  |9 00 
LOK |0 866   |x SPQUE#Theological Commons Princeton 
LOK |0 935   |a PRTC 
LOK |0 939   |a 05-07-24  |b l01 
OAS |a 1 
ORI |a SA-MARC-ixtheoa001.raw